00510cam a22002051 4500001001300000003000400013005001700017008004100034010001700075035002000092040001800112042001200130050001600142100002300158245004000181260001200221300001800233600003600251999001700287ne 63000028 DLC20260227111739.0890925s1962 xx 000 0 ara  ane 63000028  a(OCoLC)23519676 aDLCcMiUdDLC apremarc00aBP80.M8bS51 aShaykhah, Ḥasan.10aMaʻa al-imām Muḥammad ʻAbduh. c[1962?] a55 p.c24 cm.00aMuḥammad ʻAbduh,d1849-1905. c45396d45396